| 000 | 00365nam a22001097a 4500 | ||
|---|---|---|---|
| 008 | 140211b xxu||||| |||| 00| 0 eng d | ||
| 245 |
_aCherishing life / _cCatholic Bishops' Conference of England |
||
| 260 |
_aLondon _bThe Catholic Truth Society _c2004 |
||
| 300 |
_a103p. _c 22cm. |
||
| 650 |
_aChristian ethics - Catholic authors _98582 |
||
| 942 |
_2lcc _cMONOGRAPH |
||
| 999 |
_c120024 _d120024 |
||